Moderne Länder des nationalsozialistischen Deutschland auf einer Karte - Statistiken

Allgemein
  • Dieses Quiz wurde 245 mal gespielt
  • Das Durchschnittsergebnis liegt bei 19 aus 20
Antworten auf der Karte
Die Antworten werden auf der Karte rot bzw. grün angezeigt, abhängig davon wie oft sie richtig erraten wurden.
 
Antwortstatistiken
Country % Korrekt
Deutschland
100%
Belgien
99%
Dänemark
99%
Frankreich
99%
Österreich
99%
Niederlande
98%
Polen
98%
Luxemburg
97%
Norwegen
97%
Ukraine
97%
Belarus
96%
Russland
96%
Tschechien
96%
Estland
95%
Lettland
95%
Litauen
95%
Griechenland
88%
Slowenien
87%
Serbien
86%
Slowakei
85%
Keine übereinstimmenden Quizze gefunden
Verteilung der Resultate
Anzahl Personen mit jedem Resultat
Perzentil nach korrekt beantworteten Fragen
Ihre Resultats-Entwicklung
Sie haben dieses Quiz noch nicht gespielt